00650 2200241 4500001002100000005001700021008004100038020001800079035002400097040001200121082001300133090002000146100001400166245006200180250001100242260004100253300003100294650001400325850001200339990001900351990001900370990001900389YOGYA-0209000000694720090227020951.0 ind  a979-20-0785-7 0010-020900000006947 aYOPDYOG a133.3337 a133.3337bDia T aDian, Mas a30 penjabaran dan pembenahan Feng Shui InteriorcMas Dion aCet. 5 aJakartabElex Media Komputindoc2002 aviii, 135 hlmbilusc21 cm aFeng Shui aYOPDYOG a003-PD/P.04b1 a002-PD/P.04b1 a001-PD/P.04b1